|
|
|
|
| LEADER |
02549nam a2200709 i 4500 |
| 001 |
nkc20193098265 |
| 003 |
CZ PrNK |
| 005 |
20190925080931.0 |
| 007 |
ta |
| 008 |
190906s2019 xr ab b f 000 0 cze |
| 015 |
|
|
|a cnb003098265
|
| 020 |
|
|
|a 978-80-7617-650-8
|q (vázáno) :
|c Kč 299,00
|
| 035 |
|
|
|a (OCoLC)1122794771
|
| 040 |
|
|
|a ABA001
|b cze
|e rda
|
| 041 |
1 |
|
|a cze
|h dut
|
| 072 |
|
7 |
|a 59
|x Zoologie
|2 Konspekt
|9 2
|
| 072 |
|
7 |
|a 0/9-053.2
|x Literatura pro děti a mládež (naučná)
|2 Konspekt
|9 26
|
| 080 |
|
|
|a 598.2
|2 MRF
|
| 080 |
|
|
|a 591.5
|2 MRF
|
| 080 |
|
|
|a 57.081.1
|2 MRF
|
| 080 |
|
|
|a 37.091.33
|2 MRF
|
| 080 |
|
|
|a 0/9
|2 MRF
|
| 080 |
|
|
|a (0.062)
|2 MRF
|
| 080 |
|
|
|a (084.11)
|2 MRF
|
| 080 |
|
|
|a (0.053.2)
|2 MRF
|
| 100 |
1 |
|
|a Roebers, Geert-Jan,
|d 1961-
|7 jo20191049144
|4 aut
|
| 240 |
1 |
0 |
|a Doe-boek vogels.
|l Česky
|
| 245 |
1 |
0 |
|a Tvořivá knížka o ptácích /
|c text: Geert-Jan Roebers ; z nizozemského originálu Doe-boek vogels ... přeložila Petra Martínková
|
| 250 |
|
|
|a Vydání první
|
| 264 |
|
1 |
|a Praha :
|b Euromedia Group,
|c 2019
|
| 300 |
|
|
|a 64 stran :
|b ilustrace (převážně barevné), mapy ;
|c 29 cm
|
| 336 |
|
|
|a text
|b txt
|2 rdacontent
|
| 336 |
|
|
|a statický obraz
|b sti
|2 rdacontent
|
| 337 |
|
|
|a bez média
|b n
|2 rdamedia
|
| 338 |
|
|
|a svazek
|b nc
|2 rdacarrier
|
| 490 |
1 |
|
|a Pikola
|
| 500 |
|
|
|a Obálkový podnázev: vybarvování, rébusy, hádanky, objevy
|
| 521 |
8 |
|
|a Pro děti od 7 let
|
| 650 |
0 |
7 |
|a ptáci
|7 ph115956
|2 czenas
|
| 650 |
0 |
7 |
|a ekologie živočichů
|7 ph114419
|2 czenas
|
| 650 |
0 |
7 |
|a pozorování přírody
|7 ph124478
|2 czenas
|
| 650 |
0 |
7 |
|a didaktické hry
|7 ph119432
|2 czenas
|
| 650 |
0 |
7 |
|a všeobecnosti a zajímavosti
|7 ph116736
|2 czenas
|
| 650 |
0 |
9 |
|a birds
|2 eczenas
|
| 650 |
0 |
9 |
|a animal ecology
|2 eczenas
|
| 650 |
0 |
9 |
|a nature observations
|2 eczenas
|
| 650 |
0 |
9 |
|a educational games
|2 eczenas
|
| 650 |
0 |
9 |
|a facts and features
|2 eczenas
|
| 653 |
0 |
|
|a přírodovědné hry
|
| 655 |
|
7 |
|a populárně-naučné publikace
|7 fd131864
|2 czenas
|
| 655 |
|
7 |
|a obrazové publikace
|7 fd132947
|2 czenas
|
| 655 |
|
7 |
|a publikace pro děti
|7 fd133156
|2 czenas
|
| 655 |
|
9 |
|a popular works
|2 eczenas
|
| 655 |
|
9 |
|a pictorial works
|2 eczenas
|
| 655 |
|
9 |
|a children's literature
|2 eczenas
|
| 700 |
1 |
|
|a Martínková, Petra,
|d 1973-
|7 jn20000810192
|4 trl
|
| 830 |
|
0 |
|a Pikola (Euromedia)
|0 s
|
| 910 |
2 |
|
|a BOA001
|b 4-1432.895
|
| 990 |
|
|
|a BK
|
| 995 |
|
|
|a 01
|
| 991 |
|
|
|b 201909
|c NOV
|
| 996 |
6 |
|
|b 2610793250
|c 4-1432.895
|l MZK
|r Sklad / do 1 hodiny
|n 0
|p p.v.
|w 001752224
|u 000010
|a 1
|e BOA001
|j MZK50
|s P
|